Mamíferos del Parque Nacional Natural La Paya, Amazonia colombiana (Registro nro. 14269)

Detalles MARC
000 -CABECERA
Campo de control 004750000a22001330004500
090 ## - CLASIFICACIÓN LOCAL
Colección AS
Consecutivo Seriadas
041 0# - IDIOMA
Código de idioma para texto/pista de sonido o título separado
100 1# - ASIENTO PRINCIPAL--NOMBRE PERSONAL
Nombre personal Polanco Ochoa, Rocío
245 10 - MENCION DE TITULO
Título Mamíferos del Parque Nacional Natural La Paya, Amazonia colombiana
700 1# - ASIENTO SECUNDARIO - NOMBRE PERSONAL
Nombre personal Jaimes Sánchez, Vilma
700 1# - ASIENTO SECUNDARIO - NOMBRE PERSONAL
Nombre personal Piragua, William
773 1# - Item fuente:
Título Revista de la Academia Colombiana de Ciencias Exactas, Fisicas y Naturales
Especificación de materiales 32
Descripción física Supl. Esp.
Paginas del Articulo 671-682
Lugar, editorial y fecha de publicación 1999
Información sobre la relación 23
942 ## - ELEMENTOS ADICIONALES (KOHA)
Tipo de ítem Artículo

No hay ítems disponibles.